[Event "Cheliabinsk Panchenko Memorial 2nd"]
[Site "Cheliabinsk"]
[Date "2010.10.05"]
[Round "2"]
[White "Smirnov, Boris"]
[Black "Pleshakov, Anton"]
[Result "1/2-1/2"]
[WhiteElo "2167"]
[BlackElo "1994"]
[PlyCount "130"]
[EventDate "2010.10.04"]
[EventType "swiss"]
[EventRounds "9"]
[EventCountry "RUS"]
[SourceTitle "EXT 2011"]
[Source "ChessBase"]
[SourceDate "2010.11.26"]
[SourceVersion "1"]
[SourceVersionDate "2010.11.26"]
[SourceQuality "1"]

1. Nf3 Nf6 2. g3 g6 3. Bg2 Bg7 4. 0-0 0-0 5. c4 c6 6. d4 d5 7. Nc3 Bf5 8. Bf4 Nbd7 9. cxd5 Nxd5 10. Nxd5 cxd5 11. Rc1 Qb6 12. Qd2 Rac8 13. b3 Rc6 14. Bh6 Rfc8 15. Bxg7 Kxg7 16. Rxc6 Qxc6 17. Qf4 f6 18. Nd2 Qb5 19. e4 dxe4 20. g4 Be6 21. Qxe4 Nf8 22. d5 Rd8 23. Qe3 Bf7 24. g5 Qb4 25. Rd1 Rxd5 26. gxf6+ exf6 27. h3 Rd7 28. Bf3 b6 29. Ne4 Rxd1+ 30. Bxd1 Ne6 31. Nc3 Ng5 32. Be2 Qf4 33. Kg2 Qf5 34. Bg4 Qe5 35. Qxe5 fxe5 36. Nb5 Bd5+ 37. Kh2 a6 38. Nc7 Bb7 39. h4 Ne4 40. Bf3 a5 41. Ne8+ Kf8 42. Bxe4 Bxe4 43. Nf6 Bb1 44. a3 Ba2 45. b4 axb4 46. axb4 Ke7 47. Nxh7 Kd6 48. Kg3 Kc6 49. Kg4 Kb5 50. Nf8 Kxb4 51. Nxg6 Kc3 52. Nxe5 b5 53. Kf4 b4 54. Ke3 Bb1 55. Nf3 Bg6 56. Nd4 b3 57. Nxb3 Kxb3 58. Kd4 Kc2 59. f4 Kd2 60. Ke5 Ke3 61. f5 Bf7 62. Kf6 Be8 63. Kg5 Ke4 64. h5 Bxh5 65. Kxh5 Kxf5 1/2-1/2

[Event "Satka Gubernators Cup Juniors"]
[Site "Satka"]
[Date "2010.08.19"]
[Round "5"]
[White "Vaseptsov, Maxim"]
[Black "Pleshakov, Anton"]
[Result "1-0"]
[WhiteElo "2156"]
[BlackElo "1970"]
[PlyCount "69"]
[EventDate "2010.08.16"]
[EventType "swiss"]
[EventRounds "9"]
[EventCountry "RUS"]
[SourceTitle "EXT 2022"]
[Source "ChessBase"]
[SourceDate "2021.10.06"]
[SourceVersion "1"]
[SourceVersionDate "2021.10.06"]
[SourceQuality "1"]

1. e4 c5 2. Nf3 e6 3. d4 cxd4 4. Nxd4 Nc6 5. Nc3 Qc7 6. Be2 a6 7. Be3 Nf6 8. 0-0 Bb4 9. Na4 Be7 10. Nxc6 bxc6 11. Nb6 Rb8 12. Nxc8 Qxc8 13. Qd4 0-0 14. Bf4 Rb4 15. c4 c5 16. Qd3 Rxb2 17. e5 Ne8 18. Bd1 Rb7 19. Ba4 g6 20. Rad1 Ng7 21. g4 Rd8 22. Qe3 Rb4 23. Bb3 Rb6 24. Bg5 Re8 25. Bxe7 Rxe7 26. Rd3 h5 27. Qg5 Qf8 28. gxh5 Nxh5 29. Rh3 Ng7 30. Bc2 Nf5 31. Qf6 Ng7 32. Bxg6 Re8 33. Bh7+ Kh8 34. Be4+ Kg8 35. Rh8+ 1-0

[Event "Satka Gubernators Cup Juniors"]
[Site "Satka"]
[Date "2010.08.18"]
[Round "4"]
[White "Pleshakov, Anton"]
[Black "Tsvetkov, Pavel"]
[Result "1/2-1/2"]
[WhiteElo "1970"]
[BlackElo "2054"]
[PlyCount "142"]
[EventDate "2010.08.16"]
[EventType "swiss"]
[EventRounds "9"]
[EventCountry "RUS"]
[SourceTitle "EXT 2022"]
[Source "ChessBase"]
[SourceDate "2021.10.06"]
[SourceVersion "1"]
[SourceVersionDate "2021.10.06"]
[SourceQuality "1"]

1. e4 e5 2. Nf3 Nc6 3. Bb5 a6 4. Ba4 Nf6 5. 0-0 Bc5 6. Re1 b5 7. Bb3 d6 8. c3 Bg4 9. h3 Bxf3 10. Qxf3 0-0 11. d3 h6 12. Nd2 a5 13. a4 b4 14. Nf1 Rb8 15. Rb1 Nd7 16. Ng3 Qf6 17. Nf5 Ne7 18. Nxe7+ Qxe7 19. Bd2 bxc3 20. bxc3 Ba7 21. Qg4 Kh7 22. Be3 Bxe3 23. fxe3 Nc5 24. Bc2 Qe6 25. Qxe6 Nxe6 26. Rf1 f6 27. Kf2 Kg6 28. Ke2 Nc5 29. d4 Nd7 30. Kd3 c5 31. g3 Kf7 32. Bb3+ Ke7 33. Bc4 Nb6 34. Bb5 cxd4 35. exd4 d5 36. dxe5 fxe5 37. exd5 Nxd5 38. c4 Nf6 39. Ke3 Kd6 40. Rbd1+ Kc5 41. Rf5 Rbe8 42. Bxe8 Rxe8 43. Rf2 Rb8 44. Rc2 Rb3+ 45. Rd3 Rb4 46. Ra3 Rb1 47. Rd3 Ra1 48. Rb2 e4 49. Rb5+ Kxc4 50. Rd4+ Kc3 51. Rc5+ Kb3 52. Rxa5 Rf1 53. Ke2 Rh1 54. Ra7 Kc3 55. Rd6 Nh5 56. g4 Rh2+ 57. Ke3 Rxh3+ 58. Kxe4 Nf6+ 59. Rxf6 gxf6 60. a5 h5 61. Rh7 Rh4 62. Kd5 Rxg4 63. Rxh5 Rg6 64. Rf5 Rg8 65. Kc6 Re8 66. Rxf6 Kb4 67. Kb6 Rb8+ 68. Kc7 Ra8 69. a6 Kb5 70. Rb6+ Ka5 71. Rd6 Ra7+ 1/2-1/2

[Event "Cheliabinsk Kibizov Memorial 5th"]
[Site "Cheliabinsk"]
[Date "2010.06.29"]
[Round "6"]
[White "Pleshakov, Anton"]
[Black "Kozirev, Alexander"]
[Result "0-1"]
[WhiteElo "1953"]
[BlackElo "2344"]
[PlyCount "100"]
[EventDate "2010.06.24"]
[EventType "swiss"]
[EventRounds "9"]
[EventCountry "RUS"]
[SourceTitle "EXT 2012"]
[Source "ChessBase"]
[SourceDate "2011.11.24"]
[SourceVersion "1"]
[SourceVersionDate "2011.11.24"]
[SourceQuality "1"]

1. e4 c5 2. Nf3 Nc6 3. d4 cxd4 4. Nxd4 Nf6 5. Nc3 e5 6. Ndb5 d6 7. Bg5 a6 8. Na3 b5 9. Nd5 Be7 10. Bxf6 Bxf6 11. c3 0-0 12. Nc2 Bg5 13. a4 bxa4 14. Rxa4 a5 15. Bc4 Rb8 16. b3 Kh8 17. 0-0 f5 18. exf5 Bxf5 19. Nce3 Bg6 20. Qe2 Qd7 21. Rd1 Bd8 22. Bb5 Qb7 23. Bc4 e4 24. b4 axb4 25. Nxb4 Ne5 26. Bd5 Qd7 27. Ra6 Bb6 28. Rf1 Qe8 29. Nc4 Nxc4 30. Bxc4 Bh5 31. Qe1 e3 32. fxe3 Qxe3+ 33. Qxe3 Bxe3+ 34. Kh1 Rxf1+ 35. Bxf1 Bc5 36. Nd3 Rf8 37. Ra1 Be3 38. h3 g5 39. Kh2 g4 40. h4 Bg6 41. Be2 Kg7 42. Ra6 Rf6 43. Nb4 h5 44. Nd5 Re6 45. Bc4 Bf2 46. g3 Re1 47. Nf4 Bg1+ 48. Kh1 Be4+ 49. Ng2 Bf2+ 50. Kh2 Rg1 0-1